000 00316nam a2200133Ia 4500
008 150201s2007 xx 000 0 und d
082 _a616.07
_bB07K
100 _aABBAS,KUMAR
245 _aROBBINS BASICS PATHOLOGY
250 _a8TH
260 _bELSEVIER
_aDELHI
_c2007
650 _aPATHOLOGY
942 _2ddc
_cBK
_024
999 _c1174
_d1174